000 00575nam a22002177a 4500
003 UA-OsUOA
001 84445
007 ta
008 20120601b un ||||| |||| 00| 0 ukr d
100 _aРустамов Э.
090 _a330
_bР89
942 _cSA
040 _aUA-OsUOA
_brus
_cUA-OsUOA
_dUA-OsUOA
245 _aФинансовые кризисы: источники, проявления, последствия
300 _aС.46-67
955 _a0
041 _arus
080 _a330
773 0 _w84443
650 7 _a330 Економіка взагалі
_2UDC
999 _c370760
_d370760